banner-ar

السفينة المفقودة / (Record no. 49905)

MARC details
000 -الفاتح
حقل البيانات ثابتة الطول 00697nam a2200229Ia 4500
008 - عناصر البيانات ثابتة الطول - معلومات عامة
حقل البيانات ثابتة الطول 140319s9999 xx 000 0 ara d
040 ## - مصدر الفهرسة
وكالة الفهرسة الأصلية GCL /
وكالة النسخ GCL
082 04 - رقم تصنيف ديوى العشرى
رقم التصنيف ط
رقم المادة 813.087
-- ك س
100 1# - المدخل الرئيسى - إسم شخصى
الإسم الشخصى فؤاد شاكر
245 10 - بيان العنوان
العنوان السفينة المفقودة /
بيان المسئوليه,etc فؤاد شاكر
700 1# - المدخل الاضافى - اسم شخصى
الإسم الشخصى داليا محمد ابراهيم
700 1# - المدخل الاضافى - اسم شخصى
الإسم الشخصى كوستو
700 1# - المدخل الاضافى - اسم شخصى
الإسم الشخصى سميرة احمد سالم
300 ## - الوصف المادى
التعداد 48 ص
490 ## - بيان السلسلة
عنوان السلسلة سلسلة مغامرات المكتشف العالمى كوستو
رقم المجلد/ التعيين التسلسلي 0
650 04 - المدخل الاضافى بالموضوع-مصطلح موضوعى
مصطلح موضوعي القصص العربية
650 04 - المدخل الاضافى بالموضوع-مصطلح موضوعى
مصطلح موضوعي قصص البطولات
650 04 - المدخل الاضافى بالموضوع-مصطلح موضوعى
مصطلح موضوعي الاطفال
650 04 - المدخل الاضافى بالموضوع-مصطلح موضوعى
مصطلح موضوعي قصص الاطفال
942 ## - عناصر المدخل الإضافي( كوها)
مصدر التصنيف او مخطط الترفيف Dewey Decimal Classification
Koha [default] item type كتاب
Holdings
حالة التراجع حالة الفقد حالة تلف ليس للاعارة المكان المؤقت الموقع الحالى تاريخ الاكتساب اجمالي اﻻعارات رقم الطلب الباركود تاريخ اخر مشاهدة تاريخ تفعيل السعر نوع وعاء كوها
        مكتبة القاهرة الكبرى مكتبة القاهرة الكبرى 03/26/2014   ط\813.087\ك س 119729 03/26/2014 03/26/2014 كتاب
        مكتبة القاهرة الكبرى مكتبة القاهرة الكبرى 03/26/2014   ط\813.087\ك س 119730 03/26/2014 03/26/2014 كتاب

Powered By

EGPV